000 01143nam a22002777a 4500
999 _c117737
_d117737
003 dpl
005 20191010143924.0
008 191010b ||||| |||| 00| 0 eng d
010 _aB-043439
020 _c50.00
035 _aB-043439, B-043456
037 _bCen Lib/Ret
040 _aDPL
_bHN
_c0
082 _a821.08
_bप्रसाद
100 _aप्रसाद , जयशंकर
_976556
245 _aकाव्य और कला तथा अन्य निबंध /
_cजयशंकर प्रसाद
246 _aKavya or kla tatha anya nibandh
_bby Jaishankar Prasad
260 _aइलाहाबाद
_bलोकभारती प्रकाशन
_c2000
270 _a15-ए ,महात्मा गाँधी मार्ग
_bइलाहाबाद
300 _a128पृष्ठ.
_c20सेमी(सजिल्द)
650 _aहिंदी साहित्य
_976557
650 _aहिंदी निबंध
_976558
650 _aHindi literature
_976559
650 _aHindi Essay
_976560
942 _2ddc
_cHN
_h821.08
_mप्रसाद